| 000 | 01350cam a2200325 a 4500 | ||
|---|---|---|---|
| 005 | 20240613110226.0 | ||
| 008 | 100806s1988||||ag d | |||| 00| 0 spa d | ||
| 020 | _a9509275239 | ||
| 041 | _aspa | ||
| 092 |
_c616 _l10 _sCAL |
||
| 100 | 1 |
_aCalifano, Jorge Eduardo. _9903 |
|
| 245 |
_aSemiología electrocardiográfica / _cJorge Eduardo Califano. |
||
| 250 | _a3a ed. | ||
| 260 |
_aBuenos Aires : _bEDIMED, _c1988. |
||
| 300 |
_a147 p. _bil. |
||
| 500 | _aCalifano, J. E. (1988). Semiología electrocardiográfica. (3a ed.). Buenos Aires : EDIMED. | ||
| 653 | _aNociones de electrofisiología | ||
| 653 | _aElectrocardiógrafos. Técnica de registro. Sistemas de derivaciones | ||
| 653 | _aActivación del corazón | ||
| 653 | _aTécnica de lectura electrocardigráfica. Electrocardiografía normal | ||
| 653 | _aElectrocardiograma en las sobrecargas auriculares | ||
| 653 | _aElectrocardiograma en la hipertrofia ventricular derecha y en la hipertrofia biventricular | ||
| 653 | _aElectrocardiograma en los bloqueos de rama | ||
| 653 | _aElectrocardiograma en la insuficiencia coronaria aguda y crónica | ||
| 653 | _aElectrocardiograma en las arritmias | ||
| 653 | _aElectrocardiograma en los trastornos hidroelectrolíticos | ||
| 653 | _aElectrocardiograma y los farmacos cardioactivos | ||
| 930 | _a1096 | ||
| 942 |
_2ddc _cBK |
||
| 999 |
_c574 _d574 |
||